Slovník česko-francouzský a francouzsko-český z oblasti vzdělávání, zaměstnávání a veřejné správy /

Hlavní autor: Berka, Oldřich
Další autoři: Lánská, Věra
Jazyk: Francouzština
Čeština
Vydáno: Opava : Optys, 2007
Vydání: Vyd. 1.
Témata:
Externí odkaz: Digitalizovaný dokument
Fyzický popis: 130 s. ; 30 cm
Knihy
Uloženo v:
LEADER 02342nam a2200625 a 4500
001 nkc20071747902
003 CZ PrNK
005 20071123133036.0
007 ta
008 070924s2007 xr e d 000 0 cze
015 |a cnb001747902 
020 |a 978-80-85819-61-8  |q (brož.)  |z 978-80-858-1961-8 
035 |a (OCoLC)190413238 
040 |a ABA001  |b cze 
041 0 |a cze  |a fre 
072 7 |a 3  |x Společenské vědy  |2 Konspekt  |9 18 
072 7 |a 81  |x Lingvistika. Jazyky  |2 Konspekt  |9 11 
080 |a 37.0  |2 MRF 
080 |a 331.5  |2 MRF 
080 |a 35  |2 MRF 
080 |a 811.162.3  |2 MRF 
080 |a 811.133.1  |2 MRF 
080 |a 81'373.46  |2 MRF 
080 |a 81'374.8-022.215  |2 MRF 
080 |a (038)81  |2 MRF 
100 1 |a Berka, Oldřich  |7 mzk2007411224  |4 aut 
245 1 0 |a Slovník česko-francouzský a francouzsko-český z oblasti vzdělávání, zaměstnávání a veřejné správy /  |c Oldřich Berka, Věra Lánská 
250 |a Vyd. 1. 
260 |a Opava :  |b Optys,  |c 2007 
300 |a 130 s. ;  |c 30 cm 
504 |a Obsahuje bibliografii 
650 0 7 |a vzdělávání  |7 ph127311  |2 czenas 
650 0 7 |a trh práce  |7 ph116483  |2 czenas 
650 0 7 |a veřejná správa  |7 ph127076  |2 czenas 
650 0 7 |a čeština  |7 ph135292  |2 czenas 
650 0 7 |a francouzština  |7 ph135297  |2 czenas 
650 0 7 |a oborová terminologie  |7 ph138998  |2 czenas 
650 0 9 |a education  |2 eczenas 
650 0 9 |a labor market  |2 eczenas 
650 0 9 |a public administration  |2 eczenas 
650 0 9 |a Czech language  |2 eczenas 
650 0 9 |a French language  |2 eczenas 
650 0 9 |a terminology (professional)  |2 eczenas 
655 7 |a dvojjazyčné překladové slovníky  |7 fd208746  |2 czenas 
655 7 |a terminologické slovníky  |7 fd202538  |2 czenas 
655 9 |a bilingual translation dictionaries  |2 eczenas 
655 9 |a terminological dictionaries  |2 eczenas 
700 1 |a Lánská, Věra  |7 mzk2007411225  |4 aut 
856 4 1 |u http://www.digitalniknihovna.cz/mzk/uuid/uuid:6ab49820-24cf-11e7-9efd-005056827e52  |y Digitalizovaný dokument  |x NDK 
910 2 |a BOA001  |b 4-1192.136 
990 |a BK 
995 |a 01 
991 |b 200709  |c NOV 
996 6 |b 2610320169  |c 4-1192.136  |l MZK  |r Sklad / do 1 hodiny  |n 0  |p p.v.  |w 000866706  |u 000010  |a 1  |e BOA001  |j MZK50  |s P 
996 7 |b 2610324257  |c 4-1192.136  |l MZK  |r Sklad / do 1 hodiny  |n 6  |p kup  |w 000866706  |u 000020  |a 1  |e BOA001  |j MZK50  |s A